| 000 | 00323nam a22001217a 4500 | ||
|---|---|---|---|
| 008 | 160507b xxu||||| |||| 00| 0 eng d | ||
| 020 | _a9780716744498 | ||
| 020 | _a071674449 | ||
| 041 | _aeng | ||
| 080 | _a573 | ||
| 245 |
_aLife the science of biology: _cWilliam K. Purves; David Sadava; Gordon H. Orians; |
||
| 942 |
_2udc _cBK |
||
| 999 |
_c1910 _d1910 |
||